| 000 | 00687nam a2200253 a 4500 | ||
|---|---|---|---|
| 005 | 20210219153311.0 | ||
| 008 | 991125n 000 0 u | ||
| 035 | _aUPN01000089986 | ||
| 100 | _aNelson, Katherine | ||
| 222 | _aJOURNAL OF CHILD LANGUAGE | ||
| 245 | _aNouns in early lexicons : evidence, explanations and implications | ||
| 300 | _a61-84 | ||
| 362 | _a20, No. 1, 1993 | ||
| 505 | _aJulio 1993 | ||
| 653 | 0 | _aADQUISICION DEL LENGUAJE | |
| 653 | 0 | _aDESARROLLO DE VOCABULARIO | |
| 653 | 0 | _aLENGUAJE INFANTIL | |
| 653 | 0 | _aNOMBRES | |
| 653 | 0 | _aVOCABULARIO | |
| 700 | _aHampson, June | ||
| 700 | _aKessler, Lea | ||
| 904 |
_aAC _b027797 |
||
| 905 | _aArticulo | ||
| 999 |
_c73484 _d73484 |
||